000 00518nam a2200181 4500
001 113939
003 ES-MaACL
005 20230906190035.0
007 t|
008 061121s1969 sp r ||||1| spa d
080 _aC-42290
100 1 _aNoriega Varela, Antonio.
_985987
245 1 0 _aDo Ermo /
_cAntonio Noriega Varela.
260 _aLa Coruña :
_bAcademia Gallega,
_c1969.
300 _a82 p., 1 lám. :
_b`retr. aut.` ;
_c25 cm.
710 2 _aAcademia Gallega.
_91196
852 _aES-MaACL
_jC-42290
_bR.69829
999 _c113939
_d113939